Planning commission's report of the committee on India vision 2020 (Record no. 37466)

MARC details
000 -LEADER
fixed length control field 00486nam a2200169Ia 4500
008 - FIXED-LENGTH DATA ELEMENTS--GENERAL INFORMATION
fixed length control field 191130s9999##################000#0#eng##
040 ## - CATALOGING SOURCE
Original cataloging agency ACL
Transcribing agency ACL
082 ## - DEWEY DECIMAL CLASSIFICATION NUMBER
Classification number 338.0954 PLA
245 ## - TITLE STATEMENT
Title Planning commission's report of the committee on India vision 2020
260 ## - PUBLICATION, DISTRIBUTION, ETC.
Place of publication, distribution, etc. New Delhi
Name of publisher, distributor, etc. Academic Foundation
650 ## - SUBJECT ADDED ENTRY--TOPICAL TERM
Topical term or geographic name entry element Economic policy
Topical term or geographic name entry element Political planning
Topical term or geographic name entry element Social planning
990 ## - EQUIVALENCES OR CROSS-REFERENCES [LOCAL, CANADA]
Link information for 9XX fields 7c25d646ac10000c4ca0a942461e9f38
991 ## -
-- 192167
Holdings
Withdrawn status Lost status Damaged status Not for loan Home library Current library Shelving location Date acquired Total Checkouts Full call number Barcode Date last seen Price effective from Koha item type
        Anna Centenary Library Anna Centenary Library 4TH FLOOR, A WING 09.10.2020   338.0954 PLA 524081 09.10.2020 09.10.2020 Books

Find us on the map